[Event "Chigorin Memorial"]
[Site "St Petersburg"]
[Date "2015.10.04"]
[Round "2.149"]
[White "Zhivotovskaya, Asya"]
[Black "Muhtarov, Leonid"]
[Result "1-0"]
[WhiteElo "1810"]
[BlackElo "2060"]
[PlyCount "129"]
[EventDate "2015.10.03"]
[EventRounds "9"]
[EventCountry "RUS"]

1. c4 c5 2. Nc3 Nf6 3. g3 Nc6 4. Bg2 e6 5. e4 d5 6. exd5 exd5 7. cxd5 Nb4 8. d3
Nbxd5 9. Nxd5 Nxd5 10. Qa4+ Bd7 11. Qe4+ Be6 12. Nf3 Be7 13. O-O O-O 14. d4 c4
15. Ne5 Rc8 16. Bd2 b5 17. Qe2 Qb6 18. Bxd5 Bxd5 19. Nd7 Qd6 20. Nxf8 Bxf8 21.
f3 Qb6 22. Qf2 g6 23. Rad1 Bg7 24. Bb4 a5 25. Bc5 Qf6 26. Kg2 b4 27. Rfe1 Qf5
28. Re2 h5 29. h4 f6 30. Rde1 Bh6 31. Re7 c3 32. Qe2 c2 33. Re8+ Rxe8 34. Qxe8+
Kh7 35. Qe7+ Bg7 36. Qe2 Bxa2 37. Rc1 Bd5 38. Kf2 b3 39. Re1 Qh3 40. Bd6 Qf5
41. Qe3 Qh3 42. Rg1 a4 43. Bc5 Be6 44. Be7 Bh6 45. f4 Bg7 46. Bc5 Bd5 47. Ke2
Qh2+ 48. Kd3 Qh3 49. Kd2 Qg4 50. Rf1 Bg2 51. Re1 Bf3 52. Rf1 Bd5 53. Re1 Qd7
54. Qe7 Qg4 55. Qe3 f5 56. Qf2 Be4 57. Kc1 Bf6 58. Qe3 Qh3 59. Qf2 Bd8 60. Bb4
Bc7 61. d5 Kg8 62. Qc5 a3 63. Qf8+ Kh7 64. Qf7+ Kh8 65. Bc3+ 1-0

[Event "Chigorin Memorial"]
[Site "St Petersburg"]
[Date "2015.10.04"]
[Round "2.151"]
[White "Matchenya, Ivan"]
[Black "Tishova, Svetlana"]
[Result "0-1"]
[WhiteElo "1795"]
[BlackElo "2058"]
[PlyCount "65"]
[EventDate "2015.10.03"]
[EventRounds "9"]
[EventCountry "RUS"]

1. e4 c5 2. Nc3 e6 3. Nf3 a6 4. Be2 b5 5. a3 Bb7 6. d3 d6 7. O-O Nc6 8. Re1 Nf6
9. Bf1 Be7 10. g3 Qc7 11. Bg2 O-O 12. h4 Rad8 13. Bf4 Ne5 14. Nh2 Nfd7 15. h5
h6 16. Nf1 Nc6 17. Ne3 Nd4 18. Ng4 Kh7 19. Qd2 Ne5 20. Bxe5 dxe5 21. Ne2 c4 22.
Qc3 Bc5 23. dxc4 Nxe2+ 24. Rxe2 Bd4 25. Qb4 bxc4 26. c3 Bc5 27. Qa4 Rd3 28. Kh2
Bb6 29. Rd1 Rfd8 30. Ree1 f6 31. Qc2 Qf7 32. Ne3 Bxe3 33. fxe3 0-1

[Event "Chigorin Memorial"]
[Site "St Petersburg"]
[Date "2015.10.04"]
[Round "2.152"]
[White "Kulagin, Sergey"]
[Black "Hyoetylae, Tapio"]
[Result "1-0"]
[WhiteElo "2055"]
[BlackElo "1803"]
[PlyCount "109"]
[EventDate "2015.10.03"]
[EventRounds "9"]
[EventCountry "RUS"]

1. e4 g6 2. d4 Bg7 3. Nc3 a6 4. Be3 b5 5. Qd2 Bb7 6. f3 d6 7. O-O-O Nd7 8. g4
h5 9. gxh5 Rxh5 10. Nce2 c5 11. Ng3 Rh3 12. Qf2 c4 13. Nf5 Rh7 14. Nxg7+ Rxg7
15. c3 d5 16. Qh4 Ngf6 17. e5 Rh7 18. Qg5 Nh5 19. e6 Nf8 20. exf7+ Kxf7 21. Bh3
Bc8 22. Bxc8 Rxc8 23. Nh3 Ne6 24. Qg4 Nf6 25. Qg2 Qd6 26. Rde1 b4 27. Bd2 bxc3
28. Bxc3 Nf4 29. Nxf4 Qxf4+ 30. Kb1 Rch8 31. Re2 Rh3 32. Rhe1 Ng8 33. Re6 Qf5+
34. Qc2 Qxc2+ 35. Kxc2 Rxh2+ 36. Kc1 Rh1 37. Rxa6 Rxe1+ 38. Bxe1 Rh3 39. Ra3
Rh1 40. Re3 Nf6 41. b4 cxb3 42. axb3 Rh2 43. Bd2 Ne8 44. Bb4 e6 45. Bc5 Ng7 46.
b4 Nf5 47. Rb3 Rh4 48. Rd3 Rh2 49. b5 Ke8 50. b6 Kd7 51. Ra3 Rh8 52. Ra7+ Kc6
53. Rc7+ Kb5 54. b7 Rh1+ 55. Kb2 1-0

[Event "Chigorin Memorial"]
[Site "St Petersburg"]
[Date "2015.10.04"]
[Round "2.153"]
[White "Golovkina, Anastasia"]
[Black "Shuster, Andrei"]
[Result "0-1"]
[WhiteElo "1790"]
[BlackElo "2053"]
[PlyCount "182"]
[EventDate "2015.10.03"]
[EventRounds "9"]
[EventCountry "RUS"]

1. e4 e6 2. d4 d5 3. Nc3 Nf6 4. e5 Nfd7 5. f4 c5 6. Nf3 Nc6 7. Be3 a6 8. Qd2 b5
9. dxc5 Bxc5 10. Bxc5 Nxc5 11. Qf2 Qb6 12. Bd3 b4 13. Ne2 a5 14. O-O Ba6 15.
Rad1 g6 16. Kh1 Na4 17. Qxb6 Nxb6 18. b3 a4 19. Ned4 Nxd4 20. Nxd4 Kd7 21. Kg1
axb3 22. axb3 Bxd3 23. Rxd3 h5 24. Kf2 Rhc8 25. h3 Ke7 26. Rh1 Nd7 27. g4 hxg4
28. hxg4 g5 29. Kg3 gxf4+ 30. Kxf4 Nf8 31. Re3 Ng6+ 32. Kg3 Rc5 33. Rf1 Rac8
34. Re2 Rc3+ 35. Kg2 Nh4+ 36. Kf2 Rg8 37. Rg1 Ng6 38. Rg3 Rc5 39. Re1 Rh8 40.
Kg2 Ra8 41. Kf2 Rh8 42. Kg2 Rhc8 43. Kf2 Rg8 44. Kg2 Rh8 45. Kf2 Kf8 46. Ree3
Kg7 47. Rg1 Ne7 48. Kg3 Nc6 49. Nxc6 Rxc6 50. Rg2 Rhc8 51. Ree2 Rc3+ 52. Kf4
Kg6 53. Rh2 Ra8 54. Rh5 Kg7 55. Reh2 Rac8 56. Rh7+ Kf8 57. Rh8+ Ke7 58. Rxc8
Rxc8 59. Kg5 Rc3 60. Re2 Kf8 61. Kh5 Kg7 62. Kg5 Rf3 63. Rd2 Re3 64. Kf4 Re4+
65. Kf3 Kg6 66. Re2 Rd4 67. Rh2 Rd1 68. Ke2 Rg1 69. Kf3 Rf1+ 70. Kg3 Re1 71.
Rh5 Re2 72. Kf4 Rf2+ 73. Ke3 Rxc2 74. Kd4 Rg2 75. Rh8 Rxg4+ 76. Kc5 Re4 77. Rb8
Kf5 78. Rb7 Kxe5 79. Rxf7 Re3 80. Kxb4 Kd4 81. Ka4 e5 82. b4 Re1 83. b5 Ra1+
84. Kb4 e4 85. b6 Rb1+ 86. Ka5 e3 87. b7 Kd3 88. Ka6 d4 89. Ka7 e2 90. Re7 Kd2
91. b8=Q Rxb8 0-1

[Event "Chigorin Memorial"]
[Site "St Petersburg"]
[Date "2015.10.04"]
[Round "2.154"]
[White "Kopasov, Evgeny"]
[Black "Gorodnichin, Leonid"]
[Result "0-1"]
[WhiteElo "2050"]
[BlackElo "1798"]
[PlyCount "134"]
[EventDate "2015.10.03"]
[EventRounds "9"]
[EventCountry "RUS"]

1. d4 d5 2. c4 e6 3. Nc3 Nf6 4. Bg5 Be7 5. e3 h6 6. Bh4 O-O 7. Nf3 Ne4 8. Bxe7
Qxe7 9. Rc1 c6 10. Bd3 Nxc3 11. Rxc3 dxc4 12. Bxc4 Nd7 13. O-O b6 14. Bd3 c5
15. Be4 Rb8 16. Qc2 Nf6 17. dxc5 bxc5 18. Bd3 Nd5 19. Rb3 Nb4 20. Qe2 Bb7 21.
Bc4 Nxa2 22. Rd3 Nb4 23. Rd2 Rfd8 24. Rfd1 Bd5 25. e4 Bxc4 26. Qxc4 Rxd2 27.
Rxd2 Rd8 28. g3 Rxd2 29. Nxd2 Qd6 30. Nf3 Qd1+ 31. Kg2 Nd3 32. Qb5 Qe2 33. Qe8+
Kh7 34. Qxf7 Qxe4 35. Kf1 Qf5 36. Qxf5+ exf5 37. b3 Nc1 38. Nd2 Kg6 39. Ke1 Kg5
40. f3 Kf6 41. Kd1 Nd3 42. Kc2 Ne5 43. h3 g5 44. Kc3 Ke6 45. g4 fxg4 46. hxg4
Kd5 47. Ne4 Nxf3 48. Nf6+ Ke5 49. Ng8 Kf4 50. Nxh6 Ne5 51. b4 cxb4+ 52. Kxb4
Nxg4 53. Nf7 Ne5 54. Nxg5 Kxg5 55. Kb5 Kf6 56. Ka6 Nc6 57. Kb5 a5 58. Ka4 Ke5
59. Kb5 Kd5 60. Ka4 Kc5 61. Ka3 Kb5 62. Kb3 a4+ 63. Ka3 Nd4 64. Kb2 Kb4 65. Ka2
a3 66. Ka1 Kb3 67. Kb1 a2+ 0-1

[Event "Chigorin Memorial"]
[Site "St Petersburg"]
[Date "2015.10.04"]
[Round "2.155"]
[White "Mukhtarova, Viktoriya"]
[Black "Tebenkov, Vladislav"]
[Result "1-0"]
[WhiteElo "1782"]
[BlackElo "2050"]
[PlyCount "119"]
[EventDate "2015.10.03"]
[EventRounds "9"]
[EventCountry "RUS"]

1. Nf3 Nf6 2. g3 d5 3. Bg2 c5 4. O-O g6 5. d3 Bg7 6. Nbd2 O-O 7. e4 Nc6 8. c3
e6 9. Re1 Kh8 10. e5 Nd7 11. d4 cxd4 12. cxd4 f6 13. exf6 Qxf6 14. Nb3 e5 15.
Bg5 Qf5 16. dxe5 Ndxe5 17. Nxe5 Nxe5 18. Be3 Nd3 19. g4 Qxg4 20. Qxd3 Bf5 21.
Qd1 Qh4 22. Bd4 Rf6 23. Re7 Bh3 24. Rxg7 Qg5 25. Qf1 Kxg7 26. Bxf6+ Kxf6 27.
Kh1 Bxg2+ 28. Qxg2 Re8 29. Qxg5+ Kxg5 30. Rd1 Re5 31. Kg2 Kf6 32. Rd2 Rg5+ 33.
Kf3 Rh5 34. Kg3 Rg5+ 35. Kf4 Rf5+ 36. Ke3 Rh5 37. f3 Ke5 38. Nd4 a6 39. Nb3 Kd6
40. Rc2 Re5+ 41. Kf2 Rh5 42. Ke3 Re5+ 43. Kf4 Rf5+ 44. Kg4 h6 45. Nd4 Rg5+ 46.
Kf4 Rh5 47. b4 Rh4+ 48. Ke3 Ke5 49. Rd2 g5 50. a3 Rf4 51. Nb3 Rf7 52. Nc5 h5
53. Rg2 Rg7 54. Nd3+ Kd6 55. Kd4 g4 56. fxg4 hxg4 57. Ne5 Re7 58. Rxg4 Rxe5 59.
Rg6+ Re6 60. Rxe6+ 1-0

[Event "Chigorin Memorial"]
[Site "St Petersburg"]
[Date "2015.10.04"]
[Round "2.156"]
[White "Movldiev, Ibragim"]
[Black "Stroganov, Anatoly"]
[Result "1-0"]
[WhiteElo "2047"]
[BlackElo "1795"]
[PlyCount "111"]
[EventDate "2015.10.03"]
[EventRounds "9"]
[EventCountry "RUS"]

1. e4 d6 2. d4 Nf6 3. Nc3 g6 4. Be2 Bg7 5. h4 h5 6. Bg5 Nbd7 7. Nf3 c6 8. Qd2
Ng4 9. Bc4 Qa5 10. O-O-O b5 11. Bb3 f6 12. Be3 Nxe3 13. fxe3 c5 14. dxc5 Nxc5
15. Qd5 Nxb3+ 16. axb3 Rb8 17. Nd4 Bd7 18. Nc6 Bxc6 19. Qxc6+ Kf7 20. Qd5+ e6
21. Qxd6 Rhd8 22. Qc6 a6 23. Rd7+ Kg8 24. Qxe6+ Kh7 25. Kb1 Rxd7 26. Qxd7 Rd8
27. Qf7 Rf8 28. Qe7 f5 29. Rf1 b4 30. Nd5 Qb5 31. Rf2 a5 32. Qg5 Qd7 33. Ne7
Rf6 34. Nd5 Rd6 35. exf5 Rxd5 36. Qxg6+ Kg8 37. f6 Rd1+ 38. Ka2 Qf7 39. Qxg7+
Qxg7 40. fxg7 Kxg7 41. Rf5 Kg6 42. Rxa5 Re1 43. Rb5 Re2 44. Rxb4 Rxc2 45. g4
Rc5 46. gxh5+ Kxh5 47. Rf4 Ra5+ 48. Kb1 Rb5 49. e4 Kh6 50. Kc2 Rc5+ 51. Kd3 Rc7
52. b4 Rc8 53. b5 Rc7 54. b6 Rb7 55. e5 Kh5 56. Rb4 1-0

[Event "Chigorin Memorial"]
[Site "St Petersburg"]
[Date "2015.10.04"]
[Round "2.157"]
[White "Morozov, Boris"]
[Black "Volkov, Roman"]
[Result "0-1"]
[WhiteElo "1770"]
[BlackElo "2044"]
[PlyCount "92"]
[EventDate "2015.10.03"]
[EventRounds "9"]
[EventCountry "RUS"]

1. e4 e5 2. Nf3 Nc6 3. Bb5 a6 4. Ba4 Nf6 5. O-O Be7 6. Re1 b5 7. Bb3 d6 8. a4
b4 9. h3 Na5 10. Ba2 c5 11. d3 O-O 12. Nbd2 Rb8 13. Nf1 b3 14. cxb3 Qb6 15.
N3d2 Qb7 16. Ne3 Be6 17. Nec4 Nc6 18. Nf3 Ne8 19. g4 Nc7 20. Kh2 Bd7 21. Bg5
Bxg5 22. Nxg5 d5 23. exd5 Nxd5 24. b4 Ndxb4 25. Nd6 Qc7 26. Bxf7+ Kh8 27. Nde4
h6 28. Qf3 hxg5 29. Nxg5 e4+ 30. Qg3 Qxg3+ 31. Kxg3 Nc2 32. dxe4 Nxa1 33. Rxa1
Rxb2 34. Rc1 Ne5 35. Bd5 Rbxf2 36. Rxc5 Bxa4 37. Be6 Nf7 38. Kh4 Nxg5 39. Rxg5
R2f6 40. Bf5 Rb8 41. e5 Rh6+ 42. Kg3 Rb3+ 43. Kf4 Rhxh3 44. Rg6 Rh6 45. Rg5
Rb4+ 46. Be4 Bc6 0-1

[Event "Chigorin Memorial"]
[Site "St Petersburg"]
[Date "2015.10.04"]
[Round "2.158"]
[White "Hakobyan, Hovhannes H"]
[Black "Khlopushin, Dmitriy"]
[Result "1-0"]
[WhiteElo "2043"]
[BlackElo "1788"]
[PlyCount "57"]
[EventDate "2015.10.03"]
[EventRounds "9"]
[EventCountry "RUS"]

1. e4 e5 2. Nf3 Nc6 3. Nc3 Nf6 4. Be2 d6 5. d4 Nxd4 6. Nxd4 Be7 7. g4 exd4 8.
Qxd4 Ng8 9. Be3 Bf6 10. Qd2 Be6 11. g5 Be7 12. f4 f6 13. h4 Qd7 14. O-O-O a6
15. Nd5 Qc6 16. Qd4 Kd8 17. Rhg1 b6 18. Rd3 Qc5 19. Qa4 Qb5 20. Qa3 f5 21. Nxc7
Kxc7 22. Rc3+ Qc6 23. Rxc6+ Kxc6 24. Qc3+ Kd7 25. Bxb6 Rc8 26. Qxg7 Kc6 27. Bd4
Bf6 28. gxf6 Nxf6 29. Qxf6 1-0

[Event "Chigorin Memorial"]
[Site "St Petersburg"]
[Date "2015.10.04"]
[Round "2.159"]
[White "Khatenever, Feliks"]
[Black "Sinyanskiy, Maxim"]
[Result "0-1"]
[WhiteElo "1767"]
[BlackElo "2043"]
[PlyCount "72"]
[EventDate "2015.10.03"]
[EventRounds "9"]
[EventCountry "RUS"]

1. e4 c5 2. Nc3 Nc6 3. g3 g6 4. Bg2 Bg7 5. f4 d6 6. Nf3 e6 7. O-O Nge7 8. d3
O-O 9. h3 Rb8 10. a4 a6 11. Kh2 b5 12. axb5 axb5 13. Ne2 f5 14. c3 b4 15. exf5
gxf5 16. d4 bxc3 17. bxc3 cxd4 18. Nfxd4 Nxd4 19. cxd4 Bb7 20. Bxb7 Rxb7 21.
Rf2 Nd5 22. Bd2 Qb6 23. Ba5 Qb2 24. Be1 Ne3 25. Qc1 Bxd4 26. Qxb2 Bxb2 27. Ra6
Rd8 28. Ba5 Rdd7 29. Ra8+ Kf7 30. Ng1 Bf6 31. Nf3 Nc4 32. Be1 e5 33. Ra4 Nb2
34. Ra2 Nd3 35. Rfe2 e4 36. Bd2 exf3 0-1

[Event "Chigorin Memorial"]
[Site "St Petersburg"]
[Date "2015.10.04"]
[Round "2.160"]
[White "Illina, Natalia"]
[Black "Sapegin, Yaroslav"]
[Result "1-0"]
[WhiteElo "2041"]
[BlackElo "1769"]
[PlyCount "71"]
[EventDate "2015.10.03"]
[EventRounds "9"]
[EventCountry "RUS"]

1. e4 e5 2. Nf3 Nc6 3. Bb5 Nf6 4. O-O Nxe4 5. Re1 Nd6 6. Bxc6 dxc6 7. Rxe5+ Be7
8. Qe2 f6 9. Re3 Kf7 10. b3 Re8 11. Bb2 Bf8 12. Nc3 Bf5 13. Nd4 Bd7 14. Re1
Rxe3 15. Qh5+ Kg8 16. Rxe3 Be8 17. Qe2 Bf7 18. Na4 Nb5 19. Nf5 Nd6 20. Ng3 b6
21. Nc3 Qd7 22. Nce4 Nxe4 23. Nxe4 a5 24. Bxf6 Bb4 25. c3 Bf8 26. c4 a4 27. h3
axb3 28. axb3 Bd6 29. Bc3 Ra3 30. Nxd6 cxd6 31. Re7 Qf5 32. g4 Qc8 33. b4 c5
34. bxc5 bxc5 35. Qd3 Qc6 36. Qf5 1-0

[Event "Chigorin Memorial"]
[Site "St Petersburg"]
[Date "2015.10.04"]
[Round "2.161"]
[White "Pustovidko, Anastasia"]
[Black "Lemeshev, Roman"]
[Result "1-0"]
[WhiteElo "2035"]
[BlackElo "1763"]
[PlyCount "63"]
[EventDate "2015.10.03"]
[EventRounds "9"]
[EventCountry "RUS"]

1. d4 Nf6 2. Nf3 g6 3. g3 Bg7 4. Bg2 O-O 5. O-O d5 6. b3 c5 7. e3 Nc6 8. Bb2
Ne4 9. c3 cxd4 10. cxd4 Re8 11. Nbd2 Nxd2 12. Qxd2 Bf5 13. Rac1 Be4 14. Rc5 Rc8
15. Rfc1 Qd7 16. Ne5 Nxe5 17. dxe5 Bxg2 18. Kxg2 Rxc5 19. Rxc5 e6 20. Qc2 Re7
21. Rc8+ Bf8 22. Ra8 b5 23. Bd4 Qc7 24. Qc5 Qb7 25. Qc8 Qxc8 26. Rxc8 f6 27.
exf6 Rf7 28. g4 h6 29. h4 Kh7 30. g5 hxg5 31. hxg5 Bd6 32. Re8 1-0

[Event "Chigorin Memorial"]
[Site "St Petersburg"]
[Date "2015.10.04"]
[Round "2.162"]
[White "Lauda, Alexandr"]
[Black "Ismagilov, Damir"]
[Result "1-0"]
[WhiteElo "2033"]
[BlackElo "1753"]
[PlyCount "65"]
[EventDate "2015.10.03"]
[EventRounds "9"]
[EventCountry "RUS"]

1. d4 d5 2. Nf3 e6 3. g3 c5 4. c4 dxc4 5. Bg2 Nc6 6. O-O cxd4 7. Qa4 Bd7 8.
Qxc4 Be7 9. Nxd4 Rc8 10. Nc3 Nf6 11. Nxc6 Bxc6 12. Rd1 Qc7 13. Bf4 e5 14. Bxc6+
bxc6 15. Bg5 h6 16. Bxf6 Bxf6 17. Rac1 O-O 18. b3 Rfd8 19. Rxd8+ Rxd8 20. Nd5
Qc8 21. Nxf6+ gxf6 22. Kg2 Rd6 23. Qc5 Qd7 24. b4 Kg7 25. a4 Re6 26. Rc3 Qd2
27. Rd3 Qxe2 28. Rd8 h5 29. Qf8+ Kg6 30. Qg8+ Kh6 31. Qh8+ Kg5 32. Rg8+ Kf5 33.
Qh7# 1-0

[Event "Chigorin Memorial"]
[Site "St Petersburg"]
[Date "2015.10.04"]
[Round "2.163"]
[White "Zakharov, Yuri"]
[Black "Oberholzer, Francois"]
[Result "1-0"]
[WhiteElo "1733"]
[BlackElo "2032"]
[PlyCount "73"]
[EventDate "2015.10.03"]
[EventRounds "9"]
[EventCountry "RUS"]

1. Nf3 Nf6 2. g3 g6 3. Bg2 Bg7 4. O-O O-O 5. d4 c5 6. c3 d5 7. Qb3 cxd4 8. cxd4
Nc6 9. Nc3 Ne4 10. e3 Nxc3 11. bxc3 Na5 12. Qb4 b6 13. Re1 Bb7 14. a4 Rc8 15.
Ba3 Re8 16. Nd2 Qd7 17. f4 h5 18. h4 Nc4 19. Nxc4 Rxc4 20. Qb3 Rec8 21. Bb2 Bc6
22. a5 Ba4 23. Qa3 b5 24. e4 dxe4 25. Rxe4 Bf8 26. Qa2 Qg4 27. Kh2 e6 28. Rae1
Qf5 29. Bh3 Qf6 30. R4e3 Qd8 31. Bf1 R4c6 32. c4 Qxa5 33. c5 Qd8 34. Bg2 R6c7
35. Qa3 Bg7 36. Qa1 Bb3 37. Rxb3 1-0

[Event "Chigorin Memorial"]
[Site "St Petersburg"]
[Date "2015.10.04"]
[Round "2.164"]
[White "Martynyuk, Elizaveta"]
[Black "Pettersen, Johan"]
[Result "1-0"]
[WhiteElo "2031"]
[BlackElo "1741"]
[PlyCount "67"]
[EventDate "2015.10.03"]
[EventRounds "9"]
[EventCountry "RUS"]

1. e4 e6 2. d4 d5 3. Nc3 Nf6 4. e5 Nfd7 5. Nf3 c5 6. dxc5 Bxc5 7. Bd3 Nc6 8.
Bf4 Qb6 9. O-O a6 10. Qe2 Nd4 11. Nxd4 Bxd4 12. Rae1 Nc5 13. Be3 Nxd3 14. Qxd3
Bxe3 15. Rxe3 Bd7 16. Rh3 h6 17. Rg3 Kf8 18. Qf3 Rc8 19. Qg4 Rg8 20. Nxd5 exd5
21. Qxd7 Rd8 22. Qa4 Qxb2 23. Rb3 Qxe5 24. Rxb7 g6 25. Qb4+ Kg7 26. f4 Qe3+ 27.
Kh1 Qe4 28. Qb6 Qe2 29. Qd4+ Kf8 30. Rfb1 Qe6 31. h3 Rc8 32. R1b6 Rc4 33. Rb8+
Ke7 34. Rxe6+ 1-0

[Event "Chigorin Memorial"]
[Site "St Petersburg"]
[Date "2015.10.04"]
[Round "2.165"]
[White "Klimentiev, Sergey"]
[Black "Kantyshev, Nikita"]
[Result "0-1"]
[WhiteElo "1727"]
[BlackElo "2030"]
[PlyCount "70"]
[EventDate "2015.10.03"]
[EventRounds "9"]
[EventCountry "RUS"]

1. e4 e5 2. Nf3 Nc6 3. d4 exd4 4. Nxd4 d6 5. Nc3 Bd7 6. Be3 g6 7. Nd5 Bg7 8. c3
Nf6 9. Nxf6+ Bxf6 10. Nb3 Qe7 11. Bd3 Ne5 12. Be2 Bc6 13. Qc2 Nd7 14. Bd3 Nc5
15. Nxc5 dxc5 16. f3 Bg7 17. Qf2 b6 18. O-O O-O 19. a4 a5 20. Bc4 Rad8 21. Bb3
Kh8 22. Rad1 Rde8 23. Rfe1 Rd8 24. Bf4 Rxd1 25. Rxd1 g5 26. Bg3 h5 27. Qd2 h4
28. Bf2 Be5 29. Be3 Rg8 30. Bc2 Bd6 31. Qd3 Qe5 32. f4 gxf4 33. Bxf4 Qxf4 34.
Rd2 Qxh2+ 35. Kf1 Qh1+ 0-1

[Event "Chigorin Memorial"]
[Site "St Petersburg"]
[Date "2015.10.04"]
[Round "2.166"]
[White "Kolesnikova, Kristina"]
[Black "Keadana, Amir"]
[Result "1-0"]
[WhiteElo "2027"]
[BlackElo "1730"]
[PlyCount "47"]
[EventDate "2015.10.03"]
[EventRounds "9"]
[EventCountry "RUS"]

1. e4 e6 2. Nf3 d5 3. Nc3 Nf6 4. e5 Nfd7 5. d4 c5 6. dxc5 Bxc5 7. Bd3 Nc6 8.
Qe2 O-O 9. Bxh7+ Kxh7 10. Ng5+ Kg6 11. Qd3+ f5 12. Nxe6 Bxf2+ 13. Kxf2 Ndxe5
14. Nxf8+ Qxf8 15. Qg3+ Ng4+ 16. Kf1 Nce5 17. h3 Qc5 18. Ne2 Bd7 19. Bf4 Bb5
20. Re1 Re8 21. Bxe5 Rxe5 22. hxg4 Qd4 23. Qf2 Qd2 24. Rh5 1-0

[Event "Chigorin Memorial"]
[Site "St Petersburg"]
[Date "2015.10.04"]
[Round "2.167"]
[White "Tersinsev, Andrey"]
[Black "Lyubokhiner, Leonid M"]
[Result "1-0"]
[WhiteElo "2023"]
[BlackElo "1723"]
[PlyCount "57"]
[EventDate "2015.10.03"]
[EventRounds "9"]
[EventCountry "RUS"]

1. d4 d5 2. c4 e6 3. Nc3 Nf6 4. cxd5 exd5 5. Bg5 Be7 6. e3 O-O 7. Qc2 h6 8. Bh4
c6 9. Bd3 Nbd7 10. Nge2 Qa5 11. O-O b6 12. a3 b5 13. f3 Bb7 14. e4 Rfe8 15. e5
Nxe5 16. dxe5 Bc5+ 17. Kh1 Rxe5 18. Bxf6 gxf6 19. b4 Qc7 20. bxc5 Rh5 21. f4 d4
22. Ne4 Qd8 23. N2g3 Rd5 24. Nd6 Rxd6 25. cxd6 Qxd6 26. Nf5 Qc7 27. Qe2 Rd8 28.
Qg4+ Kf8 29. Rae1 1-0

[Event "Chigorin Memorial"]
[Site "St Petersburg"]
[Date "2015.10.04"]
[Round "2.169"]
[White "Nochovniy, Vladimir"]
[Black "Shadunts, Kirill"]
[Result "1/2-1/2"]
[WhiteElo "2018"]
[BlackElo "1715"]
[PlyCount "101"]
[EventDate "2015.10.03"]
[EventRounds "9"]
[EventCountry "RUS"]

1. e4 c5 2. Nf3 Nc6 3. d4 cxd4 4. Nxd4 g6 5. Nc3 Bg7 6. Be3 Nf6 7. f3 O-O 8.
Qd2 d5 9. exd5 Nb4 10. Bc4 Nbxd5 11. Nxd5 Nxd5 12. Bf2 Nb6 13. Bb3 Bd7 14. c3
Ba4 15. Qe2 e5 16. Nc2 Bxb3 17. axb3 a6 18. Rd1 Qc7 19. O-O Rad8 20. Ne3 Rxd1
21. Rxd1 Rd8 22. Kf1 Kf8 23. Ke1 f5 24. Rxd8+ Qxd8 25. Nc4 Nxc4 26. Qxc4 Bh6
27. Bc5+ Kg7 28. Qe2 Qd5 29. b4 Kf6 30. g3 b5 31. Kf2 Ke6 32. Be3 Bg7 33. Qc2
Kd7 34. b3 Bf8 35. c4 Qc6 36. Qc3 Ke6 37. c5 Be7 38. f4 Bf6 39. fxe5 Bxe5 40.
Bd4 Bxd4+ 41. Qxd4 Qh1 42. Qd6+ Kf7 43. h4 Qh2+ 44. Ke1 Qg1+ 45. Kd2 Qf2+ 46.
Kc1 Qe3+ 47. Kb2 Qe2+ 48. Ka3 Qe1 49. Qd5+ Kf8 50. Qd6+ Kf7 51. Kb2 1/2-1/2

[Event "Chigorin Memorial"]
[Site "St Petersburg"]
[Date "2015.10.04"]
[Round "2.170"]
[White "Pankova, Julia"]
[Black "Pavlov, Anatoly F"]
[Result "0-1"]
[WhiteElo "1703"]
[BlackElo "2018"]
[PlyCount "90"]
[EventDate "2015.10.03"]
[EventRounds "9"]
[EventCountry "RUS"]

1. e4 d6 2. d4 g6 3. f4 Bg7 4. Nf3 c5 5. dxc5 Qa5+ 6. c3 Qxc5 7. Qd3 Qb6 8. Na3
Nf6 9. Nc4 Qc7 10. Be2 O-O 11. O-O b6 12. Nd4 Nbd7 13. Nb3 Bb7 14. Bf3 Ba6 15.
Nbd2 Rac8 16. Be2 Nc5 17. Qf3 Ncxe4 18. Nxe4 Bxc4 19. Bxc4 Qxc4 20. Nxf6+ Bxf6
21. Be3 Rc7 22. f5 b5 23. Qh3 Qh4 24. Qf3 a6 25. Qe2 Be5 26. g3 Bxg3 27. hxg3
Qxg3+ 28. Kh1 Qh3+ 29. Kg1 gxf5 30. Rf2 Kh8 31. Rg2 e5 32. Rf1 f4 33. Bxf4 exf4
34. Rxf4 f5 35. Qf2 Qh6 36. Rh2 Rg7+ 37. Kh1 Qe6 38. Rf3 Qe4 39. Rh4 Rg4 40.
Rh5 Rfg8 41. Kh2 R8g6 42. Rhh3 Qe5+ 43. Kh1 Qg7 44. Rh5 Rg1+ 45. Kh2 R6g2+ 0-1

[Event "Chigorin Memorial"]
[Site "St Petersburg"]
[Date "2015.10.04"]
[Round "2.171"]
[White "Aseeva, Anastasia"]
[Black "Selezneva, Ekaterina"]
[Result "1/2-1/2"]
[WhiteElo "2015"]
[BlackElo "1700"]
[PlyCount "154"]
[EventDate "2015.10.03"]
[EventRounds "9"]
[EventCountry "RUS"]

1. d4 Nf6 2. g3 e6 3. Bg2 d5 4. Nf3 c5 5. c3 Nc6 6. O-O Be7 7. Nbd2 O-O 8. Qc2
b6 9. e4 Ba6 10. Re1 cxd4 11. exd5 Nxd5 12. Qa4 dxc3 13. bxc3 Bb7 14. c4 Nf6
15. Ne5 Na5 16. Bxb7 Nxb7 17. Nc6 Qd7 18. Nxe7+ Qxe7 19. Ba3 Nc5 20. Qb5 Qd7
21. Rad1 Qxb5 22. cxb5 Rfd8 23. Bxc5 bxc5 24. Nb3 c4 25. Na5 c3 26. Nc6 Re8 27.
Rd3 Nd5 28. a4 Kf8 29. f4 g6 30. a5 Rec8 31. a6 Rc7 32. g4 Nxf4 33. Rxc3 Nd5
34. Rf3 Re8 35. g5 Ne7 36. Nd4 Kg8 37. Ref1 Nf5 38. Nc6 e5 39. Ra3 e4 40. Rb1
Kg7 41. Nxa7 e3 42. b6 Rd7 43. b7 e2 44. Re1 Rd1 45. Kf2 Nd4 46. Rc3 Re5 47.
b8=Q Rf5+ 48. Ke3 Rf3+ 49. Ke4 Rxc3 50. Qe5+ Kg8 51. Qxd4 Rxd4+ 52. Kxd4 Ra3
53. Rxe2 Rxa6 54. Nb5 Ra4+ 55. Ke5 Rg4 56. Kf6 Rf4+ 57. Ke7 Rf5 58. Nd6 Rxg5
59. Nxf7 Ra5 60. Nd6 Kg7 61. Ke6 Ra6 62. Rf2 Ra3 63. Ne8+ Kh6 64. Nf6 Ra6+ 65.
Ke7 Ra7+ 66. Nd7 Kg5 67. Ke6 Ra6+ 68. Ke5 Ra5+ 69. Ke4 Ra4+ 70. Kd5 Rf4 71.
Rg2+ Kh4 72. Ke5 Rf5+ 73. Ke4 Kh3 74. Rd2 Rg5 75. Kf4 Rf5+ 76. Ke3 Rg5 77. Nf6
Rg2 1/2-1/2

[Event "Chigorin Memorial"]
[Site "St Petersburg"]
[Date "2015.10.04"]
[Round "2.172"]
[White "Repkin, Alexander"]
[Black "Khochinsky, Andrey"]
[Result "1-0"]
[WhiteElo "2013"]
[BlackElo "1680"]
[PlyCount "79"]
[EventDate "2015.10.03"]
[EventRounds "9"]
[EventCountry "RUS"]

1. d4 Nf6 2. Bg5 e6 3. e4 Be7 4. Bd3 d6 5. Nf3 Nbd7 6. Nc3 h6 7. Bh4 e5 8. dxe5
Nxe5 9. Nxe5 dxe5 10. Bg3 Bd6 11. Nb5 Qe7 12. Nxd6+ cxd6 13. O-O O-O 14. c4 Bg4
15. f3 Bh5 16. Be2 Bg6 17. Bh4 Qe6 18. Qd2 Ne8 19. b3 Rc8 20. Rfd1 Kh8 21. g4
f6 22. Bf2 b6 23. a4 Rc7 24. Be3 Kh7 25. a5 b5 26. cxb5 Qxb3 27. Rab1 Qa4 28.
b6 axb6 29. axb6 Rc2 30. Qd3 d5 31. Rd2 Rxd2 32. Qxd2 dxe4 33. b7 Nc7 34. b8=Q
Rxb8 35. Rxb8 Ne6 36. Qd5 Qa1+ 37. Kf2 exf3 38. Qxe6 Be4 39. Qg8+ Kg6 40. Bc4
1-0

[Event "Chigorin Memorial"]
[Site "St Petersburg"]
[Date "2015.10.04"]
[Round "2.173"]
[White "Aure, Anders Nilsson"]
[Black "Terentev, Mikhail"]
[Result "0-1"]
[WhiteElo "1689"]
[BlackElo "2013"]
[PlyCount "102"]
[EventDate "2015.10.03"]
[EventRounds "9"]
[EventCountry "RUS"]

1. c4 Nf6 2. Nc3 g6 3. g3 Bg7 4. Bg2 O-O 5. Nf3 d6 6. O-O Nc6 7. Rb1 Bf5 8. d3
a5 9. a3 Qd7 10. Re1 e5 11. Bg5 h6 12. Bxf6 Bxf6 13. b4 axb4 14. axb4 Ne7 15.
Qd2 Kh7 16. b5 g5 17. Qc2 Bg7 18. Nd2 c6 19. bxc6 bxc6 20. Rb3 d5 21. Reb1 Qd6
22. Rb6 Qc5 23. e4 dxe4 24. Ncxe4 Qa5 25. Nd6 Bg6 26. Nb7 Qa3 27. R6b3 Qa7 28.
Nd6 Qd4 29. N6e4 g4 30. Rb7 Qd8 31. Nc5 Nf5 32. Rd7 Qg5 33. Nde4 Qh5 34. Nb3
Ra3 35. Nec5 Nd4 36. Nxd4 exd4 37. Ne4 Qa5 38. Rdb7 Re8 39. R7b3 Rxb3 40. Qxb3
f5 41. Nd6 Re1+ 42. Bf1 Rxb1 43. Qxb1 Qe5 44. Nb7 f4 45. Qb4 f3 46. Na5 c5 47.
Qb1 h5 48. Nb3 Bh6 49. Qd1 h4 50. Nd2 hxg3 51. hxg3 Be3 0-1

[Event "Chigorin Memorial"]
[Site "St Petersburg"]
[Date "2015.10.04"]
[Round "2.174"]
[White "Nikulina, Alena"]
[Black "Mednik, Boris"]
[Result "1-0"]
[WhiteElo "2010"]
[BlackElo "1648"]
[PlyCount "43"]
[EventDate "2015.10.03"]
[EventRounds "9"]
[EventCountry "RUS"]

1. e4 e6 2. d4 d5 3. Nd2 Nf6 4. e5 Nfd7 5. Bd3 c5 6. c3 Nc6 7. Ne2 Qb6 8. Nf3
Be7 9. O-O O-O 10. Bc2 f6 11. Qd3 f5 12. a3 h6 13. Nf4 Nd8 14. Ng6 Rf7 15. g4
c4 16. Qe2 fxg4 17. Nxe7+ Rxe7 18. Nh4 g3 19. fxg3 Nf8 20. Qg4 Nf7 21. Ng6 Rd7
22. Bxh6 1-0